000 01255nam a2200301 i 4500
001 000048116
003 DO-SdBNP
005 20240521101857.0
007 ta
008 181115s2016 dr 000 0 spa d
020 _a9789945897678
040 _aDO-SdBNP
_bspa
_cBNPHU
_erda
082 4 _bA385a
_222
245 0 0 _aArtículos recopilados sobre la ocupación Norteamericana de 1916 /
_ccompilador, Vetilio Alfau Durán ; edición, Jesús R. Navarro Zerpa ; índice onomástico, José Chez Checo y Javier Cabral Díaz ; presentación, Alejandro Paulino Ramos
264 _aSanto Domingo :
_bAcademia Dominicana de la Historia,
_c2016.
300 _a237 páginas ;
_c23 cm.
336 _2rdacontent
_atexto
_btxt
337 _2rdamedia
_asin mediación
_bn
338 _2rdacarrier
_avolumen
_bnc
490 _aAcademia Dominicana de la Historia
_v131
500 _aIncluye referencias bibliográficas y notas al pie de las páginas
590 _aInventariado, 2024/BT
700 1 _aCabral Díaz, Javier,
_eíndice onomástico
_975599
700 1 _aAlfau Durán, Vetilio,
_d1909-1985
_ecompilador
_910091
700 1 _aChez Checo, José,
_d1949-
_eíndice onomástico
_910145
700 1 _aNavarro Zerpa, Jesús R.,
_eedición
_973422
942 _2ddc
_cLBS1
999 _c47604
_d47604